Secondary treatment of palm oil mill effluent in algae ponds /
Saved in:
| Main Author: | |
|---|---|
| Format: | Thesis Book |
| Language: | English |
| Published: |
1984
|
| Subjects: | |
| Tags: |
Add Tag
No Tags, Be the first to tag this record!
|
| LEADER | 00917cam a2200277 a 4500 | ||
|---|---|---|---|
| 001 | u47385 | ||
| 003 | SIRSI | ||
| 008 | 851126s1984 my bt 00 1 eng | ||
| 015 | |a X850011012 | ||
| 035 | |a AAF-1033 | ||
| 040 | |a UMM | ||
| 090 | |a TD899 |b P29Pha | ||
| 100 | 1 | 0 | |a Phang, Siew Moi. |
| 091 | 0 | 0 | |a Microfiche 9387 |
| 245 | 1 | 0 | |a Secondary treatment of palm oil mill effluent in algae ponds / |c by Phang Siew Moi |
| 260 | |c 1984 | ||
| 300 | |a xxix, 611 leaves : |b ill. ; |c 28cm | ||
| 500 | |a Mimeographed | ||
| 502 | |a Thesis (Ph.D.) - Universiti Malaya, 1984 | ||
| 504 | 0 | 0 | |a Bibliography: leaves 490-527 |
| 650 | 0 | |a Palm oil industry |z Malaysia |x Waste disposal | |
| 650 | 0 | |a Sewage |x Purification |x Biological treatment. | |
| 650 | 0 | |a Sewage lagoons |z Malaysia | |
| 948 | |a 16/03/1991 |b 19/07/2002 | ||
| 596 | |a 1 | ||
| 999 | |a TD899 P29PHA |w LC |c 1 |i A002760070 |d 12/11/2009 |e 11/11/2009 |l STACKS |m P01UTAMA |n 6 |r Y |s Y |t TESIS |u 30/1/1992 | ||
